inputs and outputs of aerobic cellular respiration - Statistics

General Stats
  • This quiz has been taken 61 times
  • The average score is 7 of 22
Answer Stats
Hint Answer % Correct
input of glycolysis glucose
98%
input of glycolysis NAD+
78%
input of Krebs cycle NAD+
78%
output of ETC NAD+
78%
input of Krebs cycle FAD
60%
output of ETC FAD
60%
output of glycolysis NADH
60%
output of Krebs cycle NADH
60%
input of ETC NADH
60%
input of glycolysis ADP+Pi
16%
input of Krebs cycle ADP+Pi
16%
input of ETC ADP+Pi
16%
output of glycolysis 2x Pyruvate
4%
input of Krebs cycle 2x Pyruvate
4%
output of Krebs cycle 6CO₂
0%
output of ETC 6H₂O
0%
input of ETC 6O₂
0%
output of glycolysis ATP x2
0%
output of Krebs cycle ATP x2
0%
output of ETC ATP x26/28
0%
output of Krebs cycle FADH₂
0%
input of ETC FADH₂
0%
No matching quizzes found
Score Distribution
Percent of People with Each Score
Percentile by Number Answered
Your Score History
You have not taken this quiz